000 01206nam0a2200301 4500
001 RU\NLR\bibl\1262471
005 20260405145103.0
010 _a978-5-9128-3020-4
_9100
021 _aRU
_b2008-46964
_92594
035 _a(NLR Aleph) 001248458
090 _a303665
_c303665
100 _a20080815d2008 |||y0rusy50 ca
101 0 _arus
102 _aRU
105 _ay |||||||||
200 1 _aВоспитание гражданина: теория и методика
_eучебное пособие
_e[для учителей школ, студентов педагогических вузов]
_fГ.Я. Гривцева
210 _aЧелябинск
_cЦицеро
_d2008
215 _a165 с.
_d20
320 _aБиблиогр. в тексте
606 1 _aШкольники
_jУчебные издания
_xВоспитание гражданственности
_91980398
_3RU\NLR\auth\661194529
686 _aЧ421.352.13я7
700 1 _4070
_8rus
_7ca
_aГревцева
_bГ. Я.
_f1955-
_gГульсина Якуповна
_3RU\NLR\auth\7760571
_943502
801 0 _aRU
_bNLR
_c20080815
_gRCR
801 1 _aRU
_bNLR
_c20080815
942 _cBOOK
980 _aNB
980 _aNBR